banner-ar

Egyptian palaces and villas : (Record no. 60593)

MARC details
000 -الفاتح
حقل البيانات ثابتة الطول 02346cam a22002774a 4500
005 - وقت وتاريخ اخر تعامل مع التسجيلة
رقم الضبط 20240530110418.0
008 - عناصر البيانات ثابتة الطول - معلومات عامة
حقل البيانات ثابتة الطول 050913s2006 nyua b 001 0 eng
020 ## - الرقم الدولى المعيارى للكتب
الرقم الدولى المعيارى للكتاب 9774249968
040 ## - مصدر الفهرسة
وكالة الفهرسة الأصلية EG-CaGPL
وكالة النسخ EG-CaGPL
082 00 - رقم تصنيف ديوى العشرى
رقم الطبعة 21
رقم التصنيف 728.82
رقم المادة CC/J E
100 1# - المدخل الرئيسى - إسم شخصى
الإسم الشخصى Johnston, Shirley.
245 10 - بيان العنوان
العنوان Egyptian palaces and villas :
بقية العنوان pashas, khedives, and kings /
بيان المسئوليه,etc Shirley Johnston, with Sherif Sonbol.
260 ## - PUBLICATION, DISTRIBUTION, ETC. (IMPRINT)
تاريخ النشر أو التوزيع c2006.
300 ## - الوصف المادى
التعداد 207 p. :
تفاصيل ماديه اخرى للوعاء col. ill. ;
أبعاد الوعاء 32 cm.
504 ## - تبصرة ببليوجرافية
تبصرة ببليوجرافية,الخ Includes bibliographical references (p. 204) and index.
650 #0 - المدخل الاضافى بالموضوع-مصطلح موضوعى
مصطلح موضوعي Palaces
التقسيم الفرعي الجغرافي Egypt.
650 #0 - المدخل الاضافى بالموضوع-مصطلح موضوعى
مصطلح موضوعي Country homes
التقسيم الفرعي الجغرافي Egypt.
650 #0 - المدخل الاضافى بالموضوع-مصطلح موضوعى
مصطلح موضوعي Architecture
التقسيم الفرعي الجغرافي Egypt
التقسيم الفرعي العام History
التقسيم الفرعي الزمني 19th century.
650 #0 - المدخل الاضافى بالموضوع-مصطلح موضوعى
مصطلح موضوعي Architecture
التقسيم الفرعي الجغرافي Egypt
التقسيم الفرعي العام History
التقسيم الفرعي الزمني 20th century.
700 0# - المدخل الاضافى - اسم شخصى
الإسم الشخصى Sherif Sonbol.
942 ## - عناصر المدخل الإضافي( كوها)
مصدر التصنيف او مخطط الترفيف Dewey Decimal Classification
Koha [default] item type كتاب
260 ## - PUBLICATION, DISTRIBUTION, ETC. (IMPRINT)
-- Cairo :
-- The American University in Cairo,
505 0# - تبصرة محتويات-الفهرس
تبصرة المحتويات المصاغة Gawhara Palace -- Shoubra Palace : Nymphaeum -- Ras El-Tin Palace -- Hosh Al-Basha -- Monasterly Salamlik -- Mena House -- Gezira Palace -- Abdin Palace -- Antoniadis Villa and Gardens -- The Khedive Ismail's rest house -- Abd El-Razik Salamlik -- Mohammed Amin Wali House -- L'Hôtel Saint-Maurice -- The Residency "Bayt Al-Lurd" -- Fatima Hanem Chahin House -- The Winter Palace -- Montaza Palace and Salamlik -- The Cataract -- El-Masri Pasha Salamlik -- Bindernagel Villa -- Fakhry Bey Abd El-Nour Villa -- Zaafaran Palace -- Manial Palace -- Baron Empain Palace -- Youssef Pasha Soliman Villa -- Loutfy Mansour House -- Prince Youssef Kamal Hall -- Palazzina Dr. Ali Pasha Ibrahim -- Mizrahi Pasha Villa -- Sinout Bey Hanna Villa -- Greiss Villa -- Villa of the Papal Nuncio -- Royal Legation of Italy -- El-Chennaoui Villa -- Badrawi-Ashur Palace -- Abaza Villa -- Spahi House -- Hamed Said Studio and House -- Toussoun Abu Gabal House -- El-Mallawany House -- El-Mezlawy Palace.
520 ## - التبصرة الخاصة بالتعليق أو التلخيص
ملخص,الخ Egypt's romantic allure does not end with the age of the pharaohs. This lavishly illustrated book offers a look inside the opulent estates of the pashas, khedives, and great ladies of 19th-century Egypt, and the princes and kings of the early 20th century. Here in all its cosmopolitan splendor is the world of unparalleled prosperity that attracted adventurers the world over, from the Belle Époque through the Roaring Twenties.--From publisher description.
Holdings
حالة التراجع حالة الفقد مصدر التصنيف او خطة الترفيف حالة تلف ليس للاعارة المكان المؤقت الموقع الحالى تاريخ الاكتساب اجمالي اﻻعارات رقم الطلب الباركود تاريخ اخر مشاهدة تاريخ تفعيل السعر نوع وعاء كوها
    ddc     مكتبة القاهرة الكبرى مكتبة القاهرة الكبرى 03/09/2015   728.82 CC/J E 159690 03/09/2015 03/09/2015 كتاب

Powered By

EGPV